000 00695nam a2200193Ii 4500
003 JO-AjNU
008 230605s9999||||xx |||||||||||||| ||und||
040 _aJO-AjNU
_bara
_erda
_cJO-AjNU
041 _aara
050 1 4 _aLG395 2016
100 3 _aجامعة عجلون الوطنية,
_eauthor
_956979
245 0 0 _aجامعة عجلون الوطنية : الكتاب السنوي 2015-2016
264 3 1 _aعجلون: جامعة عجلون الوطنية، 2016
300 _a183ص
336 _atext
_btxt
_2rdacontent
337 _aunmediated
_bn
_2rdamedia
338 _avolume
_bnc
_2rdacarrier
650 4 _a الكتاب السنوي 2015-2016/ جامعة عجلون الوطنية
_956980
999 _aA25507
_c29075
_d29075